000 00388nam a2200169Ia 4500
008 220531s9999 xx 000 0 und d
041 _aeng
082 _bVAS
100 _aVasudev, Parvathi
_934607
245 _aIndia Speaks
260 _bMacmillan
_c1995
300 _a134
542 _d09-03-1997
650 _aEnglish
_934608
906 _d1996-1997
999 _c21314
_d21314